Tous les Fruits du Démon dévoilés dans One Piece - Statistiques

Statistiques générales
  • Ce quiz a été pris 77 fois
  • Le résultat moyen est 40 sur 144
Statistiques - réponses
Porteur Type de quiz Fruit du Démon % Correct
Amiral Borsalino Kizaru Logia Fruit Luminescent
68%
Monkey D. Luffy Paramecia Fruit du Gum-Gum
62%
Tony-Tony Chopper Zoan Fruit de l'Humain
54%
Pekoms Zoan Fruit de la Tortue
52%
Inazuma Paramecia Fruit des Ciseaux
50%
Trafalgar D. Water Law Paramecia Fruit du Bistouri
48%
Portgas D. Ace --> Sabo Logia Pyro-Fruit
48%
Grand-Amiral Sakazuki Akainu Logia Fruit du Magma
46%
Marshall D. Teach Logia Fruit des Ténèbres
44%
Edward Newgate --> Marshall D. Teach Paramecia Fruit du Tremblement
44%
Nico Robin Paramecia Fruit de l’Éclosion
42%
Donquijote Doflamingo Paramecia Fruit du Fil
42%
Baggy Paramecia Fruit de la Fragmentation
40%
Sir Crocodile Logia Fruit des Sables
40%
Charlotte Katakuri Paramecia Fruit du Riz Gluant
40%
Diamond Joz Paramecia Fruit Étincelant
40%
Boa Hancock Paramecia Fruit de la Passion
38%
Brook Paramecia Fruit de la Résurrection
38%
Cesar Clown Logia Fruit du Gaz
38%
Amiral Issho Fujitora Paramecia Fruit de la Gravité
36%
Sister Carmel --> Charlotte Linlin Paramecia Fruit des Âmes
36%
Bartholomew Kuma Paramecia Fruit des Coussinets
36%
Emporio Ivankov Paramecia Fruit des Hormones
36%
Gecko Moria Paramecia Fruit des Ombres
36%
Mikita/Miss Valentine Paramecia Fruit du Kilo-Kilo
36%
Magellan Paramecia Fruit du Poison
36%
Ener Logia Fulguro-Fruit
36%
Charlotte Oven Paramecia Fruit de la Chaleur
34%
Semimaru Kurozumi --> Bartolomeo Paramecia Fruit des Barrières
34%
Jabura Zoan Fruit du Canidé version Loup
34%
Capone "Gang" Bege Paramecia Fruit du Château
34%
Vice-Amiral Smoker Logia Fruit Fumigène
34%
Vice-Amirale Tsuru Paramecia Fruit de la Lessive
32%
Absalom --> Shiliew de la Pluie Paramecia Fruit de l'Invisibilité
32%
Charlotte Cracker Paramecia Fruit du Biscuit
32%
Wapol Paramecia Fruit du Glouton
32%
Charlotte Smoothie Paramecia Fruit du Presse-Presse
32%
Bellamy Paramecia Fruit du Ressort
32%
Kuzan Aokiji Logia Givro-Fruit
32%
Eustass "Captain" Kidd Paramecia Magnéto-Fruit
32%
Baby 5 Paramecia Armo-Fruit
30%
Prince Gles Logia Fruit de la Bouillasse
30%
Charlotte Opera Paramecia Fruit de la Crème
30%
Jewelry Bonney Paramecia Fruit de l'Âge
30%
Doc Q Paramecia Fruit de la Maladie
30%
Monet Logia Fruit de la Neige
30%
Capitaine Shû Paramecia Fruit de la Rouille
30%
Grand-Amiral Sengoku Zoan Mythique Fruit de l'Humain version Bouddha
30%
Sanjuan Wolf Paramecia Fruit du Gigantisme
30%
Alvida Paramecia Fruit du Glisse-Glisse
30%
Caribou Logia Fruit du Marais
30%
Raizo Paramecia Fruit du Parchemin
30%
Scratchmen Apoo Paramecia Fruit du Son
30%
Dame Toki Paramecia Fruit du Temps
30%
Machvise Paramecia Fruit du Tonne-Tonne
30%
Das Bones/Mr. 1 Paramecia Fruit Tailladant
30%
Higurashi Kurozumi --> Bentham, Mr.2 Paramecia Travesti-Fruit
30%
Galdino/Mr. 3 Paramecia Ciro-Fruit
28%
Shinobu Paramecia Fruit de la Maturation
28%
Jora Paramecia Fruit de l'Art
28%
Van Augen Paramecia Fruit de la Téléportation
28%
Perona Paramecia Fruit de l'Ectoplasme
28%
Monkey D. Luffy Zoan Mythique Fruit de l'Humain version Nika
28%
Avalo Pizarro Paramecia Fruit de l'Île
28%
Paula/Miss DoubleFinger Paramecia Fruit de l'Oursin
28%
Charlotte Galette Paramecia Fruit du Beurre
28%
Sugar Paramecia Fruit du Joujou
28%
Trébol Paramecia Fruit du Poisse-Poisse
28%
Blueno Paramecia Fruit du Portier
28%
Buffalo Paramecia Fruit du Tournis
28%
Foxy Paramecia Fruit Ramollo
28%
Basil Hawkins Paramecia Fruit de la Chaume
26%
Jesus Burgess Paramecia Fruit de la Force
26%
Charlotte Daifuku Paramecia Fruit de la Lampe
26%
Commandant Donquijote Rosinante Paramecia Fruit de la Sourdine
26%
Karasu Logia Fruit de la Suie
26%
Baron Deloeuf Zoan Fruit de l'OEuf
26%
Kalifa Paramecia Fruit des Bulles
26%
Charlotte Pudding Paramecia Fruit des Souvenirs
26%
Dolton Zoan Fruit du Bovin version Bison
26%
Chaka Zoan Fruit du Canidé version Chacal
26%
Yamato Zoan Mythique Fruit du Canidé version Loup Divin
26%
Docteur Vegapunk Paramecia Fruit du Ciboulot
26%
Vander Decken IX Paramecia Fruit du Dans-le-Mille
26%
Rob Lucci Zoan Fruit du Félin version Léopard
26%
Charlotte Brûlée Paramecia Fruit du Miroir
26%
Funkfreed Zoan Fruit du Pachyderme
26%
Pell Zoan Fruit du Volatile version Faucon
26%
Léo Paramecia Fruit de la Couture
24%
Kelly Jack Paramecia Fruit de la Pelisse
24%
Kin'Emon Paramecia Fruit des Vêtements
24%
Señor Pink Paramecia Fruit du Barbotage
24%
Gem/Mr. 5 Paramecia Fruit du Boum-Boum
24%
Uta Paramecia Fruit du Chant
24%
King/Albert Zoan Antique Fruit du Dragon version Ptéranodon
24%
Charlotte Mont d'Or Paramecia Fruit du Livre
24%
Gladius Paramecia Fruit du Paf-Paf
24%
Kanjuro Kurozumi Paramecia Fruit du Pinceau
24%
Bignews Morgan Zoan Fruit du Volatile version Albatros
24%
Diamante Paramecia Fruit du Vol-au-Vent
24%
Pica Paramecia Fruit de la Caillasse
22%
Manshelly Paramecia Fruit de la Guérison
22%
Smiley Zoan Fruit de la Salamandre version Axolotl
22%
Lassou Zoan Fruit du Canidé version Basset
22%
Queen Zoan Antique Fruit du Dragon version Brachiosaure
22%
Sasaki Zoan Antique Fruit du Dragon version Tricératops
22%
Who's Who Zoan Antique Fruit du Félin version Tigre à Dents de Sabre
22%
Boa Sandersonia Zoan Fruit du Reptile version Anaconda
22%
Shiki Paramecia Fruit Flottant
22%
Amiral Aramaki Ryokugyu Logia Sylvo-Fruit
22%
Charlotte Slurp Paramecia Fruit de la Léchouille
20%
Pierre Zoan Fruit de l'Equidé
20%
Capitaine Very Good Paramecia Fruit des Baies
20%
Blamenco Paramecia Fruit des Poches
20%
Catarina Devon Zoan Mythique Fruit du Canidé version Renard à Neuf Queues
20%
Streusen Paramecia Fruit du Cuistot
20%
Kujaku Paramecia Fruit du Fouet
20%
Vasco Shot Paramecia Fruit du Glouglou
20%
Tama Kurozumi Paramecia Fruit du Millet
20%
Jack la Sécheresse Zoan Antique Fruit du Pachyderme version Mammouth
20%
Kaidô Zoan Mythique Fruit du Poisson version Dragon Azur
20%
Violette Paramecia Fruit du Regard
20%
Marco Zoan Mythique Fruit du Volatile version Phénix
20%
Drophy Zoan Fruit Fouisseur
20%
Black Maria Zoan Antique Fruit de l'Araignée version Rosamygale Grauvogeli
18%
Belo Betty Paramecia Fruit de l'Exaltation
18%
Bee Anne Zoan Fruit de l'Insecte version Guêpe
18%
Capitaine Sharinguru Paramecia Fruit des Roues
18%
Kaku Zoan Fruit du Bovin version Girafe
18%
X-Drake Zoan Antique Fruit du Dragon version Allosaure
18%
Boa Marigold Zoan Fruit du Reptile version Cobra Royal
18%
Bluegrass Paramecia Fruit de la Conduite
16%
Kabu Zoan Fruit de l'Insecte version Scarabée-Rhinocéros
16%
Bunbuku Zoan Fruit du Canidé version Raton Laveur
16%
Ulti Zoan Antique Fruit du Dragon version Pachycéphalosaure
16%
Sous-Amirale Hina Paramecia Fruit Séquestre
16%
Charlotte Newshi Paramecia Fruit de la Mixité
14%
Onimaru Zoan Mythique Fruit de l'Humain version Onyudo
14%
Page One Zoan Antique Fruit du Dragon version Spinosaure
14%
Momonosuke Kozuki Zoan Mythique Fruit du Poisson version Dragon Rose
14%
Morley Paramecia Fruit du Pousse-Pousse
14%
Orochi Kurozumi Zoan Mythique Fruit du Reptile version Yamata no Orochi
14%
Stronger Zoan Mythique Fruit de l'Equidé version Pégase
12%
Saint Jaygarcia Saturne Zoan Mythique Fruit du Bovin version Ushi-Oni
6%
Aucun quiz correspondant
Distribution des résultats
% des personnes avec chaque résultat
Percentile par nombre de réponses
Votre historique - résultats
Vous n’avez pas pris ce quiz